Представление документа в формате MARC21

ПолеНазваниеЗначение
  Тип записи a
  Библиографический уровень m
001 Контрольный номер 5c382827c4ae43d895c1b5506a64d75d
005 Дата корректировки 20240214104555.6
020 Индекс ISBN __
a ISBN 978-5-91776-395-8
040 Источник каталогиз. __
a Служба первич. каталог. ДМН
041 Код языка издания 0_
a Код языка текста rus
084 Индекс другой классификации/Индекс ББК __
a Индекс другой классификации/Индекс ББК 81.432.4
090 Шифры __
c Каталожный индекс 81.432.4
100 Автор 1_
a Автор Кравчук Л. С.
245 Заглавие 10
a Заглавие Практический курс немецкого языка для сотрудников транспортной полиции
b Продолж. заглавия учебное пособие
h Физич. носитель Электронный ресурс
c Ответственность Белгородский юридический институт МВД России имени И. Д. Путилина
260 Выходные данные __
a Место издания Белгород
b Издательство Бел ЮИ МВД России имени И. Д. Путилина
c Дата издания 2021
300 Физическое описание __
a Объем 286 с.
b Иллюстрации/ тип воспроизводства цв. ил., табл.
336 Вид содержания __
a Термин вида содержания Текст
337 Средство доступа __
a Термин типа средства электронный
500 Примечания __
a Примечание Режим доступа: для авторизир. пользователей
504 Библиография __
a Библиография Библиогр.: с. 223
650 Тематические рубрики 14
a Основная рубрика СОЦИАЛЬНЫЕ (ОБЩЕСТВЕННЫЕ) И ГУМАНИТАРНЫЕ НАУКИ
x Основная подрубрика ЯЗЫКОЗНАНИЕ
653 Ключевые слова 1_
a Ключевые слова ИНОСТРАННЫЙ ЯЗЫК, ОБУЧЕНИЕ ИНОСТРАННОМУ ЯЗЫКУ, НЕМЕЦКИЙ ЯЗЫК, ИНОСТРАННЫЙ ЯЗЫК В ПРОФЕССИОНАЛЬНОЙ ДЕЯТЕЛЬНОСТИ
700 Другие авторы 12
a Другие авторы Земляков В. Д.
700 Другие авторы 12
a Другие авторы Землякова Т. А.
900 Электронные ресурсы __
a Имя электронного ресурса Практический курс немецкого языка
905 Дата создания записи __
a Дата создания записи 20220328
952 Тип литературы __
c Вид литературы учебная
c Вид литературы учебное пособие
c Вид литературы учебная